000
00283nam a22001217a 4500
008
170309b xxu||||| |||| 00| 0 srb d
041
_a
srb
080
_a
611
100
_a
6
101
_a
SHM
245
_a
ODABRANA POGLAVLJA IZ OPSTE PATOLOSKE FIZIOLOGIJE
_c
BATA, A
942
_2
udc
_c
BK
999
_c
7327
_d
7327